[Event "PRVA LIGA CENTRALNE SRBIJE 2014"]
[Site "Kraljevo"]
[Date "2014.09.18"]
[Round "8.1"]
[White "Paunovic, Tomislav"]
[Black "Pancevski, Filip"]
[Result "0-1"]
[WhiteElo "2341"]
[BlackElo "2469"]
[PlyCount "80"]
[EventDate "2014.09.13"]

1. d4 d6 2. c4 g6 3. Nc3 Bg7 4. e4 e5 5. dxe5 dxe5 6. Qxd8+ Kxd8 7. f4 Be6 8.
Nf3 Nd7 9. Ng5 c6 10. g3 Ke7 11. Be3 Ngf6 12. Nxe6 fxe6 13. Be2 Bh6 14. O-O
exf4 15. Bxf4 Bxf4 16. gxf4 e5 17. f5 a5 18. Kf2 g5 19. Rg1 Rag8 20. Ke3 h5 21.
a3 Ng4+ 22. Bxg4 hxg4 23. Rxg4 Rxh2 24. Rag1 Rxb2 25. Rxg5 Rxg5 26. Rxg5 Nc5
27. Rg7+ Kf6 28. Rg1 Rc2 29. Ne2 Rxc4 30. Ng3 Kf7 31. Rh1 Rc3+ 32. Kf2 Rxa3 33.
Rh7+ Kg8 34. Re7 Kf8 35. f6 a4 36. Kg2 Rxg3+ 37. Kxg3 a3 38. Rh7 a2 39. Rh8+
Kf7 40. Ra8 Na6 0-1

[Event "PRVA LIGA CENTRALNE SRBIJE 2014"]
[Site "Kraljevo"]
[Date "2014.09.18"]
[Round "8.1"]
[White "Dezelin, Milan"]
[Black "Manic, Jovica"]
[Result "1/2-1/2"]
[WhiteElo "2261"]
[BlackElo "2254"]
[PlyCount "21"]
[EventDate "2014.09.13"]

1. d4 d6 2. Nf3 Nf6 3. g3 Nbd7 4. Bg2 c6 5. O-O e5 6. c4 Qc7 7. Nc3 Be7 8. e4
O-O 9. Be3 a6 10. Rc1 Re8 11. h3 1/2-1/2

[Event "PRVA LIGA CENTRALNE SRBIJE 2014"]
[Site "Kraljevo"]
[Date "2014.09.18"]
[Round "8.1"]
[White "Todorovic, Bojan"]
[Black "Zajic, Milan"]
[Result "1-0"]
[WhiteElo "2344"]
[BlackElo "2426"]
[PlyCount "137"]
[EventDate "2014.09.13"]

1. Nf3 Nf6 2. c4 c6 3. g3 d5 4. Bg2 Bg4 5. O-O e6 6. b3 Nbd7 7. Bb2 Bd6 8. d3
O-O 9. Nbd2 Qe7 10. Qc2 a5 11. e4 dxe4 12. dxe4 e5 13. Nh4 Ba3 14. h3 Bh5 15.
Nf5 Qc5 16. Bxa3 Qxa3 17. Nb1 Qb4 18. Nc3 Nc5 19. Rfb1 Qa3 20. Qd2 Ne6 21. Na4
Bg6 22. Qd6 Qxd6 23. Nxd6 Nd4 24. Nb6 Ra6 25. c5 Rd8 26. Nxb7 Rb8 27. Nd6 Nc2
28. f3 Nxa1 29. Rxa1 Ra7 30. Ndc4 Nd7 31. Nxd7 Rxd7 32. Nxe5 Rc7 33. Rd1 f6 34.
Nd7 Rb4 35. Nb6 h5 36. h4 Rb5 37. Rd8+ Kf7 38. Bf1 Rxc5 39. Bc4+ Ke7 40. Rg8
Kd6 41. Nc8+ Ke5 42. Rd8 Rxc4 43. bxc4 f5 44. f4+ Ke6 45. e5 Rd7 46. Rxd7 Kxd7
47. Nd6 c5 48. Kf2 Bh7 49. Ke3 g6 50. Nb7 Kc6 51. Nxa5+ Kb6 52. Nb3 Bg8 53. Kd3
Be6 54. Kc3 Bd7 55. Na1 Ka5 56. Nc2 Be6 57. Ne3 Kb6 58. Nd5+ Kb7 59. Kb3 Kc6
60. a4 Kb7 61. Nf6 Kb6 62. Nh7 Bd7 63. Nf8 Be8 64. e6 Kc7 65. a5 Kc6 66. a6 Kd6
67. a7 Bc6 68. Nd7 Kxe6 69. Nb6 1-0

[Event "PRVA LIGA CENTRALNE SRBIJE 2014"]
[Site "Kraljevo"]
[Date "2014.09.18"]
[Round "8.1"]
[White "Mladenovic, Stefan"]
[Black "Nikolic, Boban"]
[Result "1-0"]
[WhiteElo "2336"]
[BlackElo "2242"]
[PlyCount "74"]
[EventDate "2014.09.13"]

1. d4 Nf6 2. Nf3 g6 3. c4 Bg7 4. Nc3 d5 5. cxd5 Nxd5 6. e4 Nxc3 7. bxc3 O-O 8.
Be3 c5 9. Rc1 Qa5 10. Qd2 cxd4 11. cxd4 Qxd2+ 12. Nxd2 e6 13. Nb3 b6 14. g3 Bb7
15. Bg2 Na6 16. O-O Rfc8 17. d5 exd5 18. exd5 Rxc1 19. Rxc1 Bf8 20. Nd4 Nb4 21.
Nc6 Nxa2 22. Rc2 Nb4 23. Nxb4 Bxb4 24. Rc7 Ba6 25. d6 Rd8 26. Bd5 Rxd6 27.
Bxf7+ Kh8 28. Bh6 Rd1+ 29. Kg2 Bf1+ 30. Kf3 Rd3+ 31. Ke4 Rc3 32. Rxa7 Bg2+ 33.
Kd4 Rc8 34. Be6 Rd8+ 35. Kc4 Bf8 36. Bg5 b5+ 37. Kc3 b4+ 1-0

[Event "PRVA LIGA CENTRALNE SRBIJE 2014"]
[Site "Kraljevo"]
[Date "2014.09.18"]
[Round "8.1"]
[White "Djordjevic, Vuk"]
[Black "Pejcic, Milutin"]
[Result "0-1"]
[WhiteElo "2265"]
[BlackElo "2135"]
[PlyCount "106"]
[EventDate "2014.09.13"]

1. e4 c5 2. Nc3 e6 3. g3 Nc6 4. Bg2 g6 5. d3 Bg7 6. Nge2 Nge7 7. O-O O-O 8. Bg5
h6 9. Be3 Nd4 10. Qd2 Kh7 11. Rab1 d6 12. b4 Rb8 13. a3 b6 14. Nc1 Bd7 15. N3e2
Ba4 16. Bxd4 cxd4 17. Nb3 Nc6 18. b5 Bxb5 19. Nbxd4 Nxd4 20. Nxd4 Bxd4 21. Rxb5
Rc8 22. Rb3 Qf6 23. c4 h5 24. h4 Rc5 25. Qe2 Rh8 26. Kh2 Kg7 27. f4 Ra5 28. Bh3
Re8 29. Qd2 Qe7 30. Re1 Qc7 31. Qb4 Qc6 32. Bg2 Ra4 33. Qd2 Qc5 34. Qc1 Rc8 35.
Bh3 Re8 36. f5 exf5 37. exf5 Rxe1 38. Qxe1 Be5 39. fxg6 fxg6 40. Rb5 Qd4 41.
Rb3 Ra5 42. Qe2 Qa1 43. Bg2 Rxa3 44. Rxa3 Qxa3 45. Qe4 Qb2 46. Qb7+ Kh6 47. Qf3
Qd4 48. Qf8+ Bg7 49. Qf1 a5 50. Be4 a4 51. Qc1+ Kh7 52. Qc2 Qe3 53. Qg2 a3 0-1

[Event "PRVA LIGA CENTRALNE SRBIJE 2014"]
[Site "Kraljevo"]
[Date "2014.09.18"]
[Round "8.2"]
[White "Stankovic, Milos"]
[Black "Zlatanovic, Boroljub"]
[Result "1-0"]
[WhiteElo "2415"]
[BlackElo "2402"]
[PlyCount "125"]
[EventDate "2014.09.13"]

1. e4 e6 2. d4 d5 3. Nc3 Bb4 4. e5 b6 5. h4 Qd7 6. h5 h6 7. Qg4 Bf8 8. Be3 Ba6
9. Bxa6 Nxa6 10. Nge2 c5 11. Rd1 c4 12. O-O Ne7 13. Ng3 Nc7 14. f4 g6 15. b3
Qc6 16. Bf2 O-O-O 17. Qf3 Nf5 18. Nxf5 gxf5 19. bxc4 Qxc4 20. Rd3 Kb8 21. Rb1
Rc8 22. Rb2 Ba3 23. Rb3 Be7 24. Rb2 Na6 25. Nb1 Rhg8 26. Rdb3 Bb4 27. c3 Be7
28. Nd2 Qc6 29. Qe2 Qa4 30. Nf1 Rc6 31. Ne3 Rgc8 32. Be1 Nc7 33. Kh2 Qa6 34.
Qxa6 Nxa6 35. g4 fxg4 36. Nxg4 Rh8 37. Rg2 Rcc8 38. Bd2 Rcg8 39. Rb1 Nc7 40.
Rbg1 Ne8 41. f5 Bg5 42. Nf6 Nxf6 43. exf6 Kc7 44. fxe6 fxe6 45. Bxg5 hxg5 46.
Rxg5 Rf8 47. Rf1 Rh6 48. Kg3 Kd6 49. Kg4 Rfxf6 50. Rxf6 Rxf6 51. Rg7 Rf2 52. h6
a5 53. Kg5 Rxa2 54. h7 Rh2 55. Kg6 Rg2+ 56. Kf7 Rh2 57. Kg8 Kc6 58. h8=Q Rxh8+
59. Kxh8 Kb5 60. Rc7 a4 61. Kg7 a3 62. Ra7 Kc4 63. Rxa3 1-0

[Event "PRVA LIGA CENTRALNE SRBIJE 2014"]
[Site "Kraljevo"]
[Date "2014.09.18"]
[Round "8.2"]
[White "Pavlovic, Goran"]
[Black "Nestorovic, Dejan"]
[Result "1/2-1/2"]
[WhiteElo "2389"]
[BlackElo "2425"]
[PlyCount "104"]
[EventDate "2014.09.13"]

1. d4 Nf6 2. c4 e6 3. Nf3 Bb4+ 4. Bd2 Qe7 5. g3 Bxd2+ 6. Nbxd2 d6 7. Bg2 e5 8.
O-O O-O 9. e4 Bg4 10. Qb3 c5 11. d5 Na6 12. Nh4 Rab8 13. Rfe1 Nc7 14. Qc3 b5
15. b3 g6 16. Bf1 Bd7 17. Ng2 Ng4 18. f3 Nh6 19. f4 f6 20. Ne3 b4 21. Qd3 a5
22. f5 Ra8 23. Nf3 a4 24. Nh4 gxf5 25. exf5 Nf7 26. Bg2 Ng5 27. Be4 Qg7 28. Kg2
Ra6 29. Nc2 Rfa8 30. Rab1 Qh6 31. Re2 axb3 32. axb3 Ra2 33. Kh1 Be8 34. Qe3 Bh5
35. Rf2 Kg7 36. Bg2 Bg4 37. Qe1 Qh5 38. Ne3 Bh3 39. Bf3 Nxf3 40. Rxf3 Bg4 41.
Rf2 Be2 42. Kg2 Qg5 43. Qc1 Kf7 44. Rb2 Rxb2 45. Qxb2 Qxe3 46. Rxe2 Qd3 47. Qc2
Qxc2 48. Rxc2 Ra1 49. Nf3 Na8 50. Nd2 Nb6 51. Ne4 Ke7 52. g4 h6 1/2-1/2

[Event "PRVA LIGA CENTRALNE SRBIJE 2014"]
[Site "Kraljevo"]
[Date "2014.09.18"]
[Round "8.2"]
[White "Markovic, Zoran S"]
[Black "Radovanovic, Nikola"]
[Result "1/2-1/2"]
[WhiteElo "2358"]
[BlackElo "2348"]
[PlyCount "28"]
[EventDate "2014.09.13"]

1. e4 d6 2. d4 Nf6 3. Nc3 e5 4. Nf3 Nbd7 5. Bc4 Be7 6. O-O Nb6 7. Be2 exd4 8.
Nxd4 O-O 9. a4 a5 10. Re1 c6 11. Qd3 Re8 12. h3 Nfd7 13. Nf5 Bf8 14. Qg3 Qf6
1/2-1/2

[Event "PRVA LIGA CENTRALNE SRBIJE 2014"]
[Site "Kraljevo"]
[Date "2014.09.18"]
[Round "8.2"]
[White "Jovanovic, Bojan P"]
[Black "Milenkovic, Mladen"]
[Result "1/2-1/2"]
[WhiteElo "2257"]
[BlackElo "2329"]
[PlyCount "73"]
[EventDate "2014.09.13"]

1. d4 Nf6 2. c3 b6 3. Bg5 e6 4. Nd2 Bb7 5. Ngf3 h6 6. Bxf6 Qxf6 7. e4 Qd8 8.
Bd3 Be7 9. Qe2 d6 10. h4 Nd7 11. Nc4 d5 12. Nce5 Nxe5 13. Nxe5 dxe4 14. Bxe4
Bxe4 15. Qxe4 Qd5 16. Qxd5 exd5 17. Kd2 c5 18. Rae1 O-O 19. Nc6 Bf6 20. Ne7+
Bxe7 21. Rxe7 cxd4 22. cxd4 Rfe8 23. Rhe1 Kf8 24. Rd7 Rxe1 25. Kxe1 Re8+ 26.
Kd2 Re4 27. Kd3 Rxh4 28. g3 Rh2 29. Ke3 Rh1 30. Rxa7 Re1+ 31. Kf3 Rb1 32. b3
Rb2 33. Rd7 Rxa2 34. Rxd5 Ke7 35. Rb5 Ra6 36. Ke4 Kd6 37. Kd3 1/2-1/2

[Event "PRVA LIGA CENTRALNE SRBIJE 2014"]
[Site "Kraljevo"]
[Date "2014.09.18"]
[Round "8.2"]
[White "Dudukovic, Nikola"]
[Black "Radovic, Luka"]
[Result "1/2-1/2"]
[WhiteElo "2341"]
[BlackElo "2210"]
[PlyCount "83"]
[EventDate "2014.09.13"]

1. c4 Nf6 2. Nc3 g6 3. e4 d6 4. d4 Bg7 5. Nf3 O-O 6. Be2 e5 7. d5 a5 8. O-O Na6
9. Bg5 h6 10. Bh4 Qe8 11. Nd2 Bd7 12. b3 h5 13. f3 Nh7 14. a3 Bh6 15. Bf2 f5
16. b4 axb4 17. axb4 Nxb4 18. Rxa8 Qxa8 19. c5 Qa3 20. Ncb1 Qa2 21. Bc4 Qc2 22.
c6 Bc8 23. cxb7 Bxb7 24. Qxc2 Nxc2 25. Rc1 Nd4 26. Bd3 fxe4 27. fxe4 Rf7 28.
Rc3 Nf6 29. h3 Kg7 30. Nf3 Nxf3+ 31. gxf3 Bc8 32. h4 g5 33. hxg5 Bxg5 34. Na3
Ne8 35. Bb5 Bd7 36. Bxd7 Rxd7 37. Nc4 Kf6 38. Ne3 Ng7 39. Kg2 Rf7 40. Kh3 Kg6
41. Ng2 Kh6 42. Nh4 1/2-1/2

[Event "PRVA LIGA CENTRALNE SRBIJE 2014"]
[Site "Kraljevo"]
[Date "2014.09.18"]
[Round "8.2"]
[White "Lazic, Dragoljub"]
[Black "Organdziev, Oliver"]
[Result "1/2-1/2"]
[WhiteElo "2254"]
[BlackElo "2302"]
[PlyCount "91"]
[EventDate "2014.09.13"]

1. e4 e6 2. d4 d5 3. Nd2 Nf6 4. e5 Nfd7 5. Bd3 c5 6. c3 Nc6 7. Ne2 cxd4 8. cxd4
f6 9. exf6 Nxf6 10. Nf3 Bd6 11. O-O O-O 12. Bf4 Bxf4 13. Nxf4 Ng4 14. Ne2 e5
15. dxe5 Ngxe5 16. Nxe5 Nxe5 17. Nd4 Qh4 18. Be2 Bg4 19. f3 Bd7 20. g3 Qf6 21.
Qd2 Rae8 22. Rac1 Kh8 23. b3 Nc6 24. Nxc6 bxc6 25. f4 Re7 26. Rfe1 Rfe8 27. Bf3
h6 28. Rxe7 Rxe7 29. Kf2 g5 30. Rd1 g4 31. Bg2 Bf5 32. Qd4 Kg7 33. Qxf6+ Kxf6
34. Rc1 Re6 35. b4 Ke7 36. Rc5 Kd6 37. Ra5 Bd3 38. Bf1 Bxf1 39. Kxf1 Re4 40.
Rxa7 Rxb4 41. Rh7 d4 42. Rxh6+ Kd5 43. Ke2 Ra4 44. Rh5+ Kc4 45. f5 Rxa2+ 46.
Ke1 1/2-1/2

[Event "PRVA LIGA CENTRALNE SRBIJE 2014"]
[Site "Kraljevo"]
[Date "2014.09.18"]
[Round "8.3"]
[White "Atalik, Suat"]
[Black "Milanovic, Slavisa"]
[Result "1-0"]
[WhiteElo "2549"]
[BlackElo "2418"]
[PlyCount "103"]
[EventDate "2014.09.13"]

1. d4 e6 2. c4 Nf6 3. Nc3 Bb4 4. f3 c5 5. d5 b5 6. e4 bxc4 7. Bxc4 Nxd5 8. Bxd5
exd5 9. Qxd5 Nc6 10. Nge2 Ba6 11. Kf2 Rb8 12. Bf4 Bxc3 13. bxc3 Rb2 14. Rhe1
Qf6 15. Qd6 Bxe2 16. Rxe2 Qxc3 17. Rd1 Rxe2+ 18. Kxe2 Nd4+ 19. Rxd4 cxd4 20.
Qb8+ Ke7 21. Qxh8 d3+ 22. Kf2 Qd4+ 23. Kg3 d2 24. Bg5+ Kd6 25. Qf8+ Kc6 26.
Qc8+ Kb6 27. Bd8+ Kb5 28. Qb7+ Kc5 29. Qxa7+ Kc4 30. Qa6+ Kc3 31. Ba5+ Kc2 32.
Bxd2 Kxd2 33. Qa5+ Ke2 34. Qb5+ Kd2 35. Qd5 Qxd5 36. exd5 Ke3 37. d6 Kd4 38.
Kf4 Kd5 39. Ke3 Kc4 40. Ke4 Kc5 41. Kd3 Kb4 42. Kd4 Kb5 43. Kd5 Kb4 44. h4 Kb5
45. h5 h6 46. g4 f6 47. f4 Kb4 48. a4 Kxa4 49. Ke4 Kb5 50. Kf5 Kc6 51. Kg6 Kxd6
52. Kxg7 1-0

[Event "PRVA LIGA CENTRALNE SRBIJE 2014"]
[Site "Kraljevo"]
[Date "2014.09.18"]
[Round "8.3"]
[White "Lapcevic, Milos"]
[Black "Nenezic, Marko"]
[Result "0-1"]
[WhiteElo "2377"]
[BlackElo "2424"]
[PlyCount "100"]
[EventDate "2014.09.13"]

1. d4 d6 2. c4 e5 3. Nf3 Nd7 4. Nc3 Ngf6 5. e4 g6 6. Be2 Bg7 7. O-O O-O 8. Qc2
c6 9. Rd1 Qe7 10. Bg5 h6 11. Be3 exd4 12. Bxd4 Re8 13. Nd2 Nc5 14. Re1 a6 15.
h3 b5 16. a3 Bb7 17. Bf1 Ne6 18. Bb6 Nd7 19. Be3 Nd4 20. Qd1 Nc5 21. Rc1 Rad8
22. b4 Nce6 23. g3 Qf8 24. Bg2 f5 25. Nb3 Nxb3 26. Qxb3 bxc4 27. Qxc4 Kh8 28.
Bb6 Rc8 29. Qd3 f4 30. h4 Be5 31. Ne2 Qf6 32. Bh3 Rf8 33. Bxe6 Qxe6 34. Bd4 Kh7
35. Rcd1 f3 36. Bxe5 fxe2 37. Rxe2 dxe5 38. Red2 Rc7 39. Qe3 Rcf7 40. Rd6 Qg4
41. R1d2 Qh3 42. Qc3 a5 43. h5 Qxh5 44. Rd7 Bc8 45. Rxf7+ Rxf7 46. Qxc6 Bb7 47.
Qc4 Qf3 48. Qe2 Qxa3 49. bxa5 Qxa5 50. Qc4 Qc7 0-1

[Event "PRVA LIGA CENTRALNE SRBIJE 2014"]
[Site "Kraljevo"]
[Date "2014.09.18"]
[Round "8.3"]
[White "Djokic, Nenad"]
[Black "Ratkovic, Milovan"]
[Result "1/2-1/2"]
[WhiteElo "2329"]
[BlackElo "2315"]
[PlyCount "98"]
[EventDate "2014.09.13"]

1. d4 d5 2. c4 dxc4 3. Nf3 a6 4. e3 b5 5. a4 Bb7 6. axb5 axb5 7. Rxa8 Bxa8 8.
b3 e6 9. bxc4 bxc4 10. Bxc4 Nf6 11. O-O Nbd7 12. Nc3 Be7 13. d5 exd5 14. Nxd5
Nxd5 15. Bxd5 Nb6 16. Bxa8 Qxd1 17. Rxd1 Nxa8 18. Bb2 O-O 19. Nd4 Bf6 20. Rc1
Rb8 21. Ba1 c5 22. Nc6 Rb6 23. Bxf6 Rxc6 24. Bd4 c4 25. Kf1 Nc7 26. Rb1 f6 27.
Ke2 Kf7 28. Rb7 Ke6 29. Kd2 Kd6 30. e4 Ne6 31. Be3 Ke5 32. Rb5+ Kd6 33. Kc3 g5
34. Ra5 Nc7 35. h3 Ke6 36. g3 Ne8 37. Bc5 Nc7 38. Bd4 Ne8 39. Rf5 Nd6 40. Rxf6+
Ke7 41. Rxd6 Kxd6 42. Bf6 h6 43. f4 gxf4 44. gxf4 Rc8 45. f5 Re8 46. Kd4 c3 47.
e5+ Kc6 48. Kxc3 Kd5 49. Kd3 Rxe5 1/2-1/2

[Event "PRVA LIGA CENTRALNE SRBIJE 2014"]
[Site "Kraljevo"]
[Date "2014.09.18"]
[Round "8.4"]
[White "Stojanovski, Dejan"]
[Black "Arandjelovic, Aleksandar Z"]
[Result "1-0"]
[WhiteElo "2442"]
[BlackElo "2068"]
[PlyCount "80"]
[EventDate "2014.09.13"]

1. e4 c5 2. d3 Nc6 3. g3 g6 4. Bg2 Bg7 5. f4 d6 6. Nf3 Nf6 7. O-O c4 8. Nc3
cxd3 9. cxd3 O-O 10. h3 b5 11. Be3 b4 12. Ne2 e5 13. g4 exf4 14. Bxf4 Qb6+ 15.
Kh1 h5 16. g5 Nd7 17. Bxd6 Rd8 18. Nf4 Nd4 19. Be7 Bb7 20. Bxd8 Rxd8 21. Nxd4
Qxd4 22. Qe2 Qe5 23. h4 Qe7 24. Rae1 Ba6 25. Nd5 Qd6 26. Qf2 Rf8 27. d4 Bxf1
28. Rxf1 a5 29. e5 Qe6 30. Nf4 Qb6 31. Bd5 Kh8 32. b3 Qa6 33. Kg1 a4 34. bxa4
Nb6 35. Bxf7 Nxa4 36. Nxg6+ Qxg6 37. Bxg6 Rxf2 38. Rxf2 Nc3 39. Bxh5 Kh7 40.
Kg2 Nd5 1-0

[Event "PRVA LIGA CENTRALNE SRBIJE 2014"]
[Site "Kraljevo"]
[Date "2014.09.18"]
[Round "8.4"]
[White "Djokic, Nebojsa"]
[Black "Djukic, Zeljko"]
[Result "1/2-1/2"]
[WhiteElo "2180"]
[BlackElo "2367"]
[PlyCount "32"]
[EventDate "2014.09.13"]

1. e4 d6 2. Nc3 c5 3. Nf3 Bg4 4. Bb5+ Nd7 5. h3 Bxf3 6. Qxf3 a6 7. Be2 e6 8.
Qg3 Ne5 9. O-O Nc6 10. d3 Nge7 11. Kh1 g6 12. f4 f5 13. Be3 Nd4 14. Bd1 Bg7 15.
Ne2 Nxe2 16. Bxe2 Rc8 1/2-1/2

[Event "PRVA LIGA CENTRALNE SRBIJE 2014"]
[Site "Kraljevo"]
[Date "2014.09.18"]
[Round "8.4"]
[White "Ilic, Zoran S"]
[Black "Djukic, Slobodan D"]
[Result "1-0"]
[WhiteElo "2289"]
[BlackElo "2195"]
[PlyCount "45"]
[EventDate "2014.09.13"]

1. d4 Nf6 2. Nf3 g6 3. c4 Bg7 4. g3 d6 5. Bg2 O-O 6. O-O Nc6 7. Nc3 a6 8. Bf4
Nd7 9. Rc1 Rb8 10. Qd2 Re8 11. Bg5 Nf8 12. h3 f6 13. Be3 e5 14. Rfd1 Bd7 15. c5
Ne7 16. cxd6 cxd6 17. dxe5 dxe5 18. Bc5 b6 19. Ba3 Rc8 20. Ne4 Rxc1 21. Rxc1
Nc6 22. Qd5+ Re6 23. Rxc6 1-0

[Event "PRVA LIGA CENTRALNE SRBIJE 2014"]
[Site "Kraljevo"]
[Date "2014.09.18"]
[Round "8.4"]
[White "Madjar, Stanislav"]
[Black "Mitrovic, Darko R"]
[Result "1-0"]
[WhiteElo "2162"]
[BlackElo "2263"]
[PlyCount "87"]
[EventDate "2014.09.13"]

1. c4 Nf6 2. Nc3 e5 3. g3 d5 4. cxd5 Nxd5 5. Bg2 Nb6 6. Nf3 Nc6 7. O-O Be7 8.
b3 O-O 9. Bb2 Be6 10. Rc1 f6 11. d4 Nxd4 12. Nxd4 exd4 13. Ne4 d3 14. exd3 c6
15. d4 Bd5 16. Re1 Bb4 17. Bc3 Bxc3 18. Rxc3 Bxe4 19. Bxe4 Qd7 20. Rd3 Rad8 21.
Qh5 f5 22. Bf3 g6 23. Qg5 Rde8 24. Red1 Nd5 25. h4 f4 26. g4 Re6 27. Kf1 Kg7
28. h5 h6 29. Qh4 g5 30. Qh1 Rd8 31. Kg2 Rd6 32. Qe1 Nf6 33. Kh3 Nxh5 34. d5 c5
35. Qc3+ Nf6 36. Kg2 b6 37. Re1 Kf7 38. Re6 Ng8 39. Qe5 Kf8 40. Be4 Qg7 41.
Qxd6+ Rxd6 42. Rxd6 Nf6 43. Bf5 h5 44. Rd8+ 1-0

[Event "PRVA LIGA CENTRALNE SRBIJE 2014"]
[Site "Kraljevo"]
[Date "2014.09.18"]
[Round "8.4"]
[White "Stojiljkovic, Stefan"]
[Black "Mickovic, Slavisa"]
[Result "1/2-1/2"]
[WhiteElo "2120"]
[BlackElo "2104"]
[PlyCount "91"]
[EventDate "2014.09.13"]

1. e4 c6 2. d4 d5 3. Nd2 dxe4 4. Nxe4 Nd7 5. Nf3 Ngf6 6. Nxf6+ Nxf6 7. h3 e6 8.
Bd3 c5 9. dxc5 Bxc5 10. O-O O-O 11. Bg5 b6 12. Ne5 Bb7 13. Bxf6 Qxf6 14. Nd7
Qg5 15. Qg4 Qxg4 16. hxg4 Rfc8 17. Nxc5 Rxc5 18. Rad1 g6 19. Rd2 Rd8 20. Rfd1
Rcd5 21. f3 Ba6 22. Kf2 Bxd3 23. Rxd3 Rxd3 24. Rxd3 Rxd3 25. cxd3 f6 26. f4 h6
27. g5 hxg5 28. fxg5 f5 29. Ke3 e5 30. d4 e4 31. Kf4 Kf7 32. g4 e3 33. Kxe3
fxg4 34. d5 Ke7 35. b4 Kd6 36. Kf4 Kxd5 37. Kxg4 Ke4 38. a4 a5 39. b5 Ke5 40.
Kf3 Kf5 41. Ke3 Ke5 42. Kd3 Kd5 43. Ke3 Ke5 44. Kd3 Kd5 45. Ke3 Ke5 46. Kd3
1/2-1/2

[Event "PRVA LIGA CENTRALNE SRBIJE 2014"]
[Site "Kraljevo"]
[Date "2014.09.18"]
[Round "8.4"]
[White "Ilic, Aleksandar"]
[Black "Stankovic, Dejan"]
[Result "0-1"]
[WhiteElo "2114"]
[BlackElo "2260"]
[PlyCount "56"]
[EventDate "2014.09.13"]

1. e4 e5 2. Nf3 Nf6 3. Nxe5 d6 4. Nf3 Nxe4 5. Nc3 Nf6 6. d4 Be7 7. Bg5 O-O 8.
Qd2 Bf5 9. O-O-O d5 10. h4 c6 11. Ne5 Nbd7 12. Qf4 Be6 13. Bd3 Nxe5 14. Qxe5
Bd6 15. Qe2 Re8 16. f3 b5 17. Qf2 Be7 18. Ne2 Qa5 19. Kb1 Ne4 20. Qg1 b4 21.
fxe4 dxe4 22. Bxe4 Bxa2+ 23. Kc1 Bxg5+ 24. hxg5 Qxg5+ 25. Rd2 Rxe4 26. Qf2 Rae8
27. Kd1 Bc4 28. Nc1 Rf4 0-1

[Event "PRVA LIGA CENTRALNE SRBIJE 2014"]
[Site "Kraljevo"]
[Date "2014.09.18"]
[Round "8.5"]
[White "Parligras, Mircea-Emilian"]
[Black "Iordachescu, Viorel"]
[Result "1/2-1/2"]
[WhiteElo "2578"]
[BlackElo "2603"]
[PlyCount "31"]
[EventDate "2014.09.13"]

1. d4 Nf6 2. c4 e6 3. Nc3 Bb4 4. Qc2 O-O 5. Nf3 c5 6. dxc5 Na6 7. g3 Nxc5 8.
Bg2 d6 9. O-O Bd7 10. a3 Bxc3 11. Qxc3 Rc8 12. Bg5 Nce4 13. Qd4 Nxg5 14. Nxg5
b6 15. b3 Bc6 16. Ne4 1/2-1/2

[Event "PRVA LIGA CENTRALNE SRBIJE 2014"]
[Site "Kraljevo"]
[Date "2014.09.18"]
[Round "8.5"]
[White "Milanovic, Danilo"]
[Black "Perunovic, Miodrag"]
[Result "1-0"]
[WhiteElo "2481"]
[BlackElo "2415"]
[PlyCount "73"]
[EventDate "2014.09.13"]

1. Nf3 Nf6 2. c4 c5 3. Nc3 e6 4. g3 b6 5. Bg2 Bb7 6. O-O a6 7. Re1 Be7 8. e4 d6
9. d4 cxd4 10. Nxd4 Qc7 11. Be3 Nbd7 12. Rc1 O-O 13. f4 h5 14. Bh3 Ng4 15. Bxg4
hxg4 16. Qxg4 Nf6 17. Qh3 Qd7 18. Bf2 Rfc8 19. b3 b5 20. f5 e5 21. Nf3 bxc4 22.
b4 d5 23. Nxe5 Qc7 24. exd5 Bxb4 25. Ng4 Nh7 26. f6 Re8 27. fxg7 Rxe1+ 28. Bxe1
Bc5+ 29. Kf1 f5 30. Nh6+ Kxg7 31. Nxf5+ Kh8 32. Ne4 Bd4 33. Nxd4 Qe5 34. Nf2
Qe3 35. Ne2 Rf8 36. Bc3+ Kg8 37. Qe6+ 1-0

[Event "PRVA LIGA CENTRALNE SRBIJE 2014"]
[Site "Kraljevo"]
[Date "2014.09.18"]
[Round "8.5"]
[White "Radovanovic, Dusan"]
[Black "Kostic, Vladimir G"]
[Result "1/2-1/2"]
[WhiteElo "2394"]
[BlackElo "2399"]
[PlyCount "103"]
[EventDate "2014.09.13"]

1. e4 c5 2. Nf3 Nc6 3. d4 cxd4 4. Nxd4 Nf6 5. Nc3 e5 6. Ndb5 d6 7. Bg5 a6 8.
Na3 b5 9. Nd5 Qa5+ 10. Bd2 Qd8 11. Bd3 Rb8 12. c4 Nxd5 13. exd5 Nd4 14. O-O Be7
15. Nc2 Nxc2 16. Qxc2 bxc4 17. Bxc4 O-O 18. b4 Bg5 19. Rfc1 g6 20. a3 h6 21.
Bxg5 hxg5 22. Qd2 Kg7 23. Bf1 Rh8 24. Rc3 a5 25. b5 g4 26. g3 Bf5 27. Qe3 Rh5
28. Rc6 Qf6 29. Rac1 g5 30. b6 Qg6 31. R1c4 Rh6 32. Bg2 Qh5 33. Kf1 Rf6 34.
Rxd6 Rxd6 35. Qxe5+ Rf6 36. Rc6 Bd3+ 37. Kg1 Qg6 38. Qxb8 Bb5 39. Rc1 Rxb6 40.
Qe5+ Qf6 41. Qe3 Bd7 42. Bf1 a4 43. Bc4 Bf5 44. Ba2 Rb2 45. Rc6 Be6 46. Bc4
Rb1+ 47. Kg2 Qa1 48. Qxg5+ Kf8 49. Qd8+ Kg7 50. Qg5+ Kf8 51. Qh6+ Kg8 52. Qg5+
1/2-1/2

[Event "PRVA LIGA CENTRALNE SRBIJE 2014"]
[Site "Kraljevo"]
[Date "2014.09.18"]
[Round "8.5"]
[White "Bozic, Milan"]
[Black "Marcetic, Nikola"]
[Result "1-0"]
[WhiteElo "2412"]
[BlackElo "2389"]
[PlyCount "65"]
[EventDate "2014.09.13"]

1. Nf3 d5 2. d4 Nf6 3. c4 e6 4. Nc3 Be7 5. h3 O-O 6. Bg5 Ne4 7. Bxe7 Qxe7 8.
cxd5 Nxc3 9. bxc3 exd5 10. e3 Bf5 11. Qb3 c6 12. Be2 Qc7 13. O-O Nd7 14. c4
dxc4 15. Qxc4 Qd6 16. Rfc1 Rfe8 17. Qb3 b6 18. Rc3 Be4 19. Ng5 Bd5 20. Bc4 Nf6
21. Rac1 h6 22. Nf3 Rac8 23. Bxd5 Nxd5 24. Rc4 a5 25. Ne5 c5 26. f4 a4 27. Rxa4
cxd4 28. Rxc8 Rxc8 29. Rxd4 Rc5 30. e4 Rc1+ 31. Kh2 Qf6 32. exd5 Qf5 33. d6 1-0

[Event "PRVA LIGA CENTRALNE SRBIJE 2014"]
[Site "Kraljevo"]
[Date "2014.09.18"]
[Round "8.5"]
[White "Radivojevic, Ivan"]
[Black "Popovic, Nenad"]
[Result "0-1"]
[WhiteElo "2365"]
[BlackElo "2263"]
[PlyCount "74"]
[EventDate "2014.09.13"]

1. e4 c6 2. d4 d5 3. Nc3 dxe4 4. Nxe4 Nf6 5. Nxf6+ gxf6 6. c3 Bf5 7. Nf3 e6 8.
g3 Qd5 9. Bg2 Qe4+ 10. Be3 Qc2 11. Nh4 Bd3 12. Qxc2 Bxc2 13. Kd2 Bg6 14. b4 Bd6
15. b5 Kd7 16. c4 a6 17. a4 Bb4+ 18. Ke2 Bc2 19. Rhc1 Bc3 20. Rxc2 Bxa1 21. Rc1
axb5 22. Rxa1 Rxa4 23. Rxa4 bxa4 24. Kd1 Na6 25. Bf1 a3 26. Bc1 a2 27. Bb2 Nb4
28. Nf3 Rb8 29. Kd2 Ra8 30. Ba1 Ra3 31. Ne1 Rb3 32. d5 Rb1 33. dxe6+ fxe6 34.
Bxf6 c5 35. Bg2 Rxe1 36. Kxe1 Nc2+ 37. Kd2 Nd4 0-1

[Event "PRVA LIGA CENTRALNE SRBIJE 2014"]
[Site "Kraljevo"]
[Date "2014.09.18"]
[Round "8.5"]
[White "Komnenic, Branko"]
[Black "Zivkovic, Ivan B"]
[Result "0-1"]
[WhiteElo "2255"]
[BlackElo "2325"]
[PlyCount "90"]
[EventDate "2014.09.13"]

1. d4 Nf6 2. Nf3 g6 3. g3 Bg7 4. Bg2 O-O 5. O-O c6 6. c4 d6 7. Nc3 Qa5 8. h3
Be6 9. d5 cxd5 10. Nd4 Bd7 11. cxd5 Rc8 12. Nb3 Qd8 13. Be3 Be8 14. Bd4 Nbd7
15. e3 a5 16. a4 Nb6 17. Qe2 Nfd7 18. Rfc1 Bxd4 19. Nxd4 Nc5 20. b3 Nbd7 21. f4
Qb6 22. Rab1 Na6 23. Ncb5 Nb4 24. Kh2 Nc5 25. Rc3 Bd7 26. e4 Nca6 27. Rbc1 Rxc3
28. Rxc3 Rc8 29. Rxc8+ Bxc8 30. e5 Kf8 31. e6 Qc5 32. f5 Nxd5 33. fxg6 hxg6 34.
Qd2 Bxe6 35. Qh6+ Ke8 36. Nxe6 fxe6 37. Qxg6+ Kd7 38. h4 Qf2 39. Qe4 Nc5 40.
Qf3 Qd2 41. Kh3 Ne3 42. h5 d5 43. Bh1 Ne4 44. Qf4 Nf2+ 45. Kh4 Nf5+ 0-1

[Event "PRVA LIGA CENTRALNE SRBIJE 2014"]
[Site "Kraljevo"]
[Date "2014.09.18"]
[Round "8.6"]
[White "Jovanovic, Dusan D"]
[Black "Marjanovic, Slavoljub"]
[Result "1/2-1/2"]
[WhiteElo "2401"]
[BlackElo "2473"]
[PlyCount "25"]
[EventDate "2014.09.13"]

1. Nf3 d5 2. b3 Bg4 3. e3 Nd7 4. Bb2 Ngf6 5. c4 e6 6. Be2 c6 7. O-O Bd6 8. d4
Qb8 9. Nbd2 h5 10. cxd5 cxd5 11. h3 a6 12. Ng5 Bxe2 13. Qxe2 1/2-1/2